Statistics for Top 10 Highest FIFA Men's Rankings of Countries 2017

Click here to take the quiz!

General Stats

  • This quiz has been taken 48 times
  • The average score is 9 of 10

Answer Stats

ScoreNation% Correct
1635Argentina
100%
1433Germany
98%
1529Brazil
96%
1313France
96%
1240Portugal
96%
1168Spain
96%
1371Belgium
84%
1386Chile
78%
1304Colombia
69%
1195Uruguay
62%

Score Distribution

Percentile by Number Answered

Percent of People with Each Score

Your Score History

You have not taken this quiz